Представление документа в формате RUSMARC

ПолеНазваниеЗначение
  Тип записи a
  Библиографический уровень a
001 Контрольный номер RU/CBS_UL/BASE/0e7bd7c940974293971e059d09b05097
005 Дата корректировки 20260306093557.5
100 Данные общей обработки __
a Данные общей обработки 20260306a2026####|||c0rusy0189 ca
101 Язык документа 0_
a Язык текста rus
102 Страна публикации __
a Страна публикации RU
200 Заглавие и сведения об ответственности 1_
a Заглавие Николай Пластов. Книжная иллюстрация
e Сведения, относящиеся к заглавию [Николай Аркадьевич Пластов после окончания института иллюстрировал книги для детей]
f Первые сведения об ответственности Т. Пластова
203 Вид содержания и тип средства __
a Вид содержания Текст
b Характеристика содержания визуальный
c Тип средства непосредственный
300 Общие примечания __
a Общие примечания 12+
461 Уровень набора _0
1 2000
a Мономах
463 Уровень физической единицы _0
1 2000
a № 1 (151) (февраль)
v С. 54-59
1 2101
d 2026
1 001RU/REG73/CBS_GRAD/2c332b2ab5a2434ab3817286ed10b0ca
600 Персоналии _1
a Персоналии (Фамилия) Пластов
b Персоналии (Имя, инициалы) Н. А.
606 Тематические рубрики 0_
a Основная рубрика Пластов, Николай Аркадьевич (1930-2000)
610 Ключевые слова 0_
a Ключевые слова художники; ульяновские художники; живописцы; иллюстраторы; иллюстраторы детских книг
686 Индексы других классификаций __
a Классификационный индекс 85.143(2)
700 Автор _1
a Фамилия Пластова
b Имя (инициалы) Т.
801 Источник записи _0
a Страна RU
b Организация RuCBSGrad
c Дата составления 20260306
g Правила каталогизации RCR
801 Источник записи _1
a Страна RU
b Организация RuCBSGrad
c Дата составления 20260306
g Правила каталогизации RCR
852 Данные о местонахождении __
a Наименование организации МБУК ЦБС г. Димитровграда
901 Тип документа __
t Тип документа b
w Контрольный № источника RU/REG73/CBS_GRAD/2c332b2ab5a2434ab3817286ed10b0ca
909 Создатель записи __
a Создатель записи Тенигина
b Дата создания записи 20260306